LIBRARY & INFORMATION CENTRE, KCAET, TAVANUR

ONLINE PUBLIC ACCESS CATALOGUE (OPAC)

ingoldsby Logonds or murth markers / (Record no. 12372)

MARC details
000 -LEADER
fixed length control field 00358cam a2200145ua 4500
041 ## - LANGUAGE CODE
Language code of text/sound track or separate title eng
082 ## - DEWEY DECIMAL CLASSIFICATION NUMBER
Classification number 821
Item number BRO/IN
100 ## - MAIN ENTRY--AUTHOR NAME
Personal name Browning, D.C .
245 ## - TITLE STATEMENT
Title ingoldsby Logonds or murth markers /
260 ## - PUBLICATION, DISTRIBUTION, ETC. (IMPRINT)
Place of publication :
Name of publisher T.M Dent& sons ,
Year of publication 1960.
300 ## - PHYSICAL DESCRIPTION
Number of Pages 351 ; .
942 ## - ADDED ENTRY ELEMENTS (KOHA)
Koha item type Books
Holdings
Withdrawn status Lost status Damaged status Home library Current library Date acquired Full call number Accession Number Koha item type
Withdrawn     KAUAET Malayalam University 07/04/2012 821 432 Books
free website counter